| 000 | 01418nam a22002777a 4500 | ||
|---|---|---|---|
| 005 | 20170124102936.0 | ||
| 010 | _aB-138040 | ||
| 020 |
_c395.00 _a8181432266 |
||
| 035 | _aB-138040 | ||
| 037 | _bCen Lib/Ret | ||
| 040 |
_aDPL _bHN |
||
| 082 |
_a899.19851 _bस्जय्म्बोर |
||
| 100 |
_aस्जय्म्बोर्सका, विस्वावा _946504 |
||
| 245 |
_aकोई शीर्षक नहीं / _cविस्वावा स्जय्म्बोर्सका; अनुवादक अशोक वाजपेयी [और] रेताना चेकाल्स्का |
||
| 246 |
_aKoi shirshak nahi / _bby Wislawa Szymborska; anuvadak Ashok Vajpeyi [and] Retana Czekalska |
||
| 260 |
_aनयी दिल्ली _bवाणी प्रकाशन _c2004 |
||
| 270 |
_a21-ए, दरिया गंज _bनयी दिल्ली _e110002 |
||
| 300 |
_axxvi, 209पृ. _c19सेमी (सजिल्द) |
||
| 650 |
_aजापानी साहित्य _946505 |
||
| 650 |
_aकविता और संस्कृति _94441 |
||
| 650 |
_aHindi Literature _946506 |
||
| 650 |
_aPoetry and Culture _946507 |
||
| 700 |
_aवाजपेयी, अशोक _946283 |
||
| 700 |
_aचेकाल्स्का, रेताना _95721 |
||
| 942 |
_2ddc _cHN _h899.19851 _mस्जय्म्बोर |
||
| 999 |
_c112241 _d112241 |
||